| 000 | 00864nam a22002537a 4500 | ||
|---|---|---|---|
| 001 | 57773 | ||
| 005 | 20260420131637.0 | ||
| 008 | 260301s2012 enk ob 001 0 eng | ||
| 020 |
_a9780230356702 _qebook |
||
| 020 |
_z9780230228931 _qalk. paper |
||
| 020 |
_z9780230228948 _qpbk. : alk. paper |
||
| 040 |
_aBD-DhIUB _beng _cBD-DhIUB _dBD-DhIUB |
||
| 082 | 0 | 4 |
_a302.30285 _222 _bM512m |
| 100 | 1 |
_aMeikle, Graham, _d1965-, _eauthor |
|
| 245 | 1 | 0 |
_aMedia convergence : _bnetworked digital media in everyday life / _cGraham Meikle and Sherman Young |
| 260 |
_aNew York: _bPalgrave Macmillan, _c2012 |
||
| 300 |
_avi, 242 p. : _c24 cm. |
||
| 504 | _aIncludes bibliographical references (pages 201- 230) and index | ||
| 526 |
_aLIB _lGEN |
||
| 650 | 0 | _aOnline social networks. | |
| 650 | 0 | _aMultimedia communications. | |
| 700 | 1 | _aYoung, Sherman. | |
| 942 |
_2ddc _cBK |
||
| 999 |
_c57773 _d57947 |
||